La estructura ausente.
Spremljeno u:
| Glavni autor: | |
|---|---|
| Daljnji autori: | |
| Format: | Knjiga |
| Jezik: | španjolski |
| Izdano: |
Barcelona, España:
Debolsillo,
2011.
|
| Izdanje: | Primera edición. |
| Serija: | Filosofía,
|
| Teme: | |
| Oznake: |
Dodaj oznaku
Bez oznaka, Budi prvi tko označuje ovaj zapis!
|
MARC
| LEADER | 00000nam a2200000 a 4500 | ||
|---|---|---|---|
| 001 | UCX4543 | ||
| 003 | CL-VaPUC | ||
| 005 | 20250321101942.0 | ||
| 008 | 920610t20110000SP |||||||||||||||||spa|d | ||
| 999 | |c 447004 |d 447002 | ||
| 020 | |a 978-84-9989-254-2 | ||
| 040 | |c Pontificia Universidad Católica de Valparaíso | ||
| 082 | 0 | 4 | |a 401.41 ECO 2011 |2 21 |
| 100 | 0 | |a Eco, Umberto |e autor |9 320718 | |
| 245 | 1 | 3 | |a La estructura ausente. |
| 250 | |a Primera edición. | ||
| 260 | |a Barcelona, España: |b Debolsillo, |c 2011. | ||
| 300 | |a 511 páginas. | ||
| 490 | 0 | |a Filosofía, |n 289. | |
| 500 | |a c.1-c.2. Instituto Arcos.08-01-2025. | ||
| 583 | |a last modification |c 19920610 00:00:00 |k Gabriela Rodríguez Cuevas | ||
| 650 | 0 | |a Semiótica |9 265317 | |
| 650 | 0 | |a Semántica |9 265318 | |
| 650 | 0 | |a Filosofía del lenguaje |9 257082 | |
| 650 | 0 | |a Estructuralismo |9 265696 |x Análisis literario | |
| 700 | |9 896120 |a Serra Cantarell, Francisco |e traductor | ||
| 942 | |c BK |2 ddc |n 0 | ||
| 945 | |d 19920610 00:00:00 | ||
| 952 | |0 0 |1 0 |2 ddc |4 0 |6 401_410000000000000_ECO_2011 |7 0 |8 A |9 600388 |a BIBINC |b BIBINC |d 2025-02-04 |e Instituto Arcos |i 5665299 |o 401.41 ECO 2011 |p 5665299 |r 2025-02-04 |t 1 |w 2025-02-04 |y BK |k IFP | ||
| 952 | |0 0 |1 0 |2 ddc |4 0 |6 401_410000000000000_ECO_2011 |7 0 |8 A |9 600389 |a BIBINC |b BIBINC |d 2025-02-04 |e Instituto Arcos |i 5665300 |o 401.41 ECO 2011 |p 5665300 |r 2025-02-04 |t 2 |w 2025-02-04 |y BK |k IFP | ||